000 00583nam a2200205Ia 4500
003 OSt
005 20250714095601.0
008 210210b1995 xxu||||| |||| 00| 0 eng d
040 _cAL
041 _aKannada
082 _a540K RAGR
100 _aRAGHUNATHAN (K V)
_dರಘುನಾಥನ್ (ಕೆ ವಿ)
_9218521
245 _aRasayanashastra.
_bರಸಾಯನಶಾಸ್ತ್ರ
260 _aHampi
_bKannada Vishvavidyalaya
_c1995
300 _axiv,337
650 _aRasayana Shastra I P U C
_9218522
690 _aChemistry
_9218523
906 _a050673
942 _2ddc
_cBK
999 _c99120
_d99120